000 01098nam a2200217Ia 4500
001 b7003-50918
003 IT-MiCISF
008 161014s9999||||xx |||||||||||||| ||und||
040 _aIT-MiCISF
_cIT-MiCISF
041 _ait
100 _aMolinaro Aniceto (a cura di)
245 0 _aQuale etica per la bioetica?
250 _a1a ed.
260 _a Napoli
_bChirico
_c2011
300 _app. 190
500 _aSalvatore R., Molinaro A., Palazzani L., Semplici S., Zuccaro C., Leone S., Salatiello G., Bizzotto M., De Macedo F., Chimirri G. / bioetica, etica, diritto, teologia, embrione, nascita, filosofia, persona / Il Convegno "Quale etica per la bioetica', organizzato a Roma dall'Associazione Docenti Italiani di Filosofia (ADIF), ha trattato la tematica proposta da diverse angolature, dalla scienza del diritto alle scienze filosofico-teologiche. Parte dei lavori presentati e discussi nel corso del Convegno costituiscono questa pubblicazione.
650 _a Temi di bioetica / bioetica
_e011
700 _aDe Macedo Francisco (a cura di)
942 _cBK
957 _71
999 _a50918
_bsi
_g1
_c209983
_d209983